| 000 | 00490nam a2200181Ia 4500 | ||
|---|---|---|---|
| 001 | 44559 | ||
| 008 | 140428s9999 xx 000 0 und d | ||
| 020 | _aNA | ||
| 040 | _cPK-LaUMT | ||
| 082 |
_aRHC 891.593 _bSHA-P |
||
| 100 | _aShah Muhammad Madni | ||
| 245 |
_aPashto zabaan aur adab ki tareekh (Pashto) _cShah Muhammad Madni |
||
| 260 |
_aLahore,Pakistan: _bMarkazi Urdu Board, _c1969 |
||
| 300 | _a136 p. | ||
| 546 | _aPashto | ||
| 650 | _aPakistani literature-Pashto | ||
| 942 | _cBK | ||
| 999 |
_c42550 _d42550 |
||